000 00363pab a2200157 454500
008 180718b2017 xxu||||| |||| 00| 0 eng d
100 _aMeena, Vasudev
245 _aIrrigation systems in India
260 _c2017
300 _ap.13-16.
362 _aNov
650 _aIrrigation - India
650 _aIrrigation
773 _aKurukshetra
909 _a116186
999 _c116180
_d116180